000 01153nam a2200241 i 4500
001 162756
003 ES-MaACL
005 20260327151915.0
008 020708s1898 sp f |||| |bspa d
100 1 _aPulido, Ángel,
_d1852-1932
_9149324
245 1 0 _aDatos para la biografía del Dr. D. José de Letamendi y Manjarrés
_b: académico de número de la Real de Medicina /
_cescrita ... y leída en sus sesiones públicas del año de 1898 por Ángel Pulido y Fernández.
260 _aMadrid :
_b[s.n.],
_c1898 (
_fEst. Tip. de la Viuda e Hijos de M. Tello)
300 _a112 p., [1] h. de lám. retr. ;
_c24 cm.
530 _aDisponible en formato digital.
594 _aTít. de cub.: El doctor Letamendi (recuerdo académico)
599 _aLa h. de lám. es un retrato del biografiado.
600 1 4 _aLetamendi, José de,
_d1828-1897
_971873
710 2 _aReal Academia de Medicina de Madrid
_96318
852 _aES-MaACL
_j1539-F-14
_9168893
_cDEPOF
_zRevisado enlace: 27 de Marzo de 2025.
856 4 _uhttp://bdh-rd.bne.es/viewer.vm?id=0000117991&page=1
_yBiblioteca Digital Hispánica
942 _2udc
999 _c162756
_d162756